| 000 | 00593cam a22002052a 4500 | ||
|---|---|---|---|
| 001 | 008833 | ||
| 003 | AR-FADEU | ||
| 008 | 311216n1980####xxu####################dd | ||
| 020 | _a84-344-1796-0 | ||
| 092 |
_aD342.1 _bD985-6 |
||
| 100 | _aDuverger, Maurice | ||
| 245 | _aInstituciones políticas y derecho constitucional | ||
| 260 | _aBarcelona | ||
| 260 | _bAriel | ||
| 260 | _c1980 | ||
| 300 | _a663 p | ||
| 440 | _aCiencia política | ||
| 650 | _aDERECHO CONSTITUCIONAL; DEMOCRACIA; MONARQUIA; DICTADURA; REGIMEN POLITICA-ESPAÑA; REGIMEN POLITICA-AMERICA LATINA | ||
| 942 | _cBDGR | ||
| 999 |
_c14635 _d14635 |
||